Statistics for Flags to Countries

Click here to take the quiz!

General Stats

  • This quiz has been taken 17 times
  • The average score is 72 of 81

Answer Stats

QuestionTileSelect% Correct
The country with the longest name?No
100%
The most peaceful country?No
100%
The country with the highest population?No
100%
The country with the highest population?No
100%
The country with the highest population?No
100%
The country with the highest population?No
100%
The most peaceful country?No
100%
The most peaceful country?No
100%
The most peaceful country?No
100%
The country with the highest population?No
100%
The most peaceful country?No
100%
The most peaceful country?No
100%
The smallest country?No
100%
The smallest country?No
100%
The smallest country?No
100%
The smallest country?No
100%
The smallest country?No
100%
The country with the highest population?No
100%
The smallest country?No
100%
The country with the highest population?No
100%
The country with the most coastline?No
100%
The country with the longest name?No
100%
The country with the longest name?No
100%
The country with the most coastline?No
100%
The country with the longest name?No
100%
The country with the longest name?No
100%
The country with the most coastline?No
100%
The country with the most coastline?No
100%
The country with the most coastline?No
100%
The country with the most coastline?No
100%
The country with the most coastline?No
100%
The country with the longest name?No
100%
The country famous for being the most neutral?No
92%
The country famous for being the most neutral?No
92%
The country famous for being the most neutral?No
92%
The country famous for being the most neutral?No
92%
The country famous for being the most neutral?No
92%
The country famous for being the most neutral?No
92%
The country famous for being the most neutral?No
92%
The country with the best economy?No
92%
The country with the best economy?No
92%
The country with the best economy?No
92%
The country with the best economy?No
92%
The country with the best economy?No
92%
The country with the highest mountain in the world?No
92%
The country with the highest mountain in the world?No
92%
The country with the highest mountain in the world?No
92%
The country with the highest mountain in the world?No
92%
The country with the highest mountain in the world?No
92%
The richest country in the world?No
92%
The country with the highest mountain in the world?No
92%
The richest country in the world?No
92%
The country with the longest name?No
92%
The richest country in the world?No
92%
The country with the most coastline?Yes
92%
The smallest country?No
92%
The smallest country?No
92%
The country with the most coastline?No
92%
The richest country in the world?No
92%
The country with the highest population?Yes
92%
The country with the highest population?No
92%
The richest country in the world?No
92%
The country with the best economy?No
85%
The country with the highest mountain in the world?No
85%
The smallest country?Yes
85%
The country with the highest mountain in the world?Yes
85%
The richest country in the world?No
85%
The country with the best economy?No
85%
The richest country in the world?No
77%
The most peaceful country?No
77%
The country famous for being the most neutral?No
77%
The country famous for being the most neutral?Yes
77%
The country with the best economy?No
69%
The most peaceful country?No
69%
The country with the highest mountain in the world?No
62%
The country with the best economy?Yes
54%
The most peaceful country?Yes
46%
The richest country in the world?No
46%
The country with the longest name?No
31%
The country with the longest name?Yes
23%
The richest country in the world?Yes
23%

Score Distribution

Percentile by Number Answered

Percent of People with Each Score

Your Score History

You have not taken this quiz